000 03234cam a22006614i 4500
003 PE-LiUPU
005 20250731165613.0
008 150706s r 000 0 d
020 _a9972711153
035 _a(Sirsi) i9789972711152
035 _a(Sirsi) i9789972711152
040 _aPE-LiUPU
_bspa
_cPE-LiUPU
_erda
049 _aPRUA
082 0 4 _a918.5
_bE
_221
245 0 1 _aEnciclopedia temática del Perú,la fauna peruana y técnicas agrarias andinas del sur /
_cDirección, coordinación, revisión, ilustración, epígrafes, diagramación y edición: Carlos Milla Batres ; prólogo, Carlos Araníbar Serpa.
264 1 _aLima :
_bMilla Batres,
_c2002 .
300 _a223 páginas :
_bilustraciones color ;
_c27 cm.
336 _atext
_2rdacontent
337 _aunmediated
_2rdamedia
338 _avolume
_2rdacarrier
504 _aIncluye bibliografía p. 170-171.
505 0 _aLa fauna -- Zoogeografía del Perú -- El origen de la fauna peruana -- La fauna del mar frío de la corriente peruana -- La fauna del mar tropical -- La fauna del bosque tropical del pacífico -- La fauna del bosque seco ecuatorial -- La fauna de la serranía esteparia -- La fauna de la Puna del Páramo -- La fauna de la selva alta -- La fauna del bosque tropical amazónico o selva baja -- La fauna de la sabana de palmeras.
526 _aSEG44
526 _aSEG26
526 _aP151
526 _aP150
526 _aP149
526 _aP146
526 _aP145
526 _aP126
526 _aP125
526 _aP92
526 _aP75
526 _aP74
526 _aP27
526 _aP15
541 _g001-0035385;
541 _g015-001551;
650 0 4 _aGeografía
_zPerú
_vEnciclopedias.
650 0 4 _aFauna
_zPerú.
650 0 4 _aEcología
_zPerú.
650 0 4 _aFlora
_zPerú.
650 0 4 _aBosques y silvicultura
_zPerú.
650 0 4 _aTecnología agrícola
_zPerú - Andes.
650 0 4 _aPlantas
_zPerú - Cusco.
650 0 4 _aCientíficos
_zPerú
_vBiografía.
650 0 4 _aZoogeografía
_zPerú.
700 1 _aMilla Batres, Carlos,
_eed.
700 1 _aAraníbar Zerpa, Carlos1928- ,
_eprol.
910 _bjv
_cng
_d20120615
942 _2ddc
_cBOOK
949 _aRC 918.5 E 3
_wDEWEY
_c1
_i64991
_lRC
_mBUL
_p20.00
_r0
_sY
_tBOOK
_u2015-7-6
_xINGENIERIA
_PP24
_0COMPRA
_o.CIRCNOTE. No olvidar cambiar la fecha de devolución!!!!!!!
_o.STAFF. Colección General
949 _aRC 918.5 E 3
_wDEWEY
_c2
_i67457
_lRC
_mBUL
_p58.00
_r0
_sY
_tBOOK
_u2015-7-6
_xINGENIERIA
_PP24
_0COMPRA
_o.CIRCNOTE. No olvidar cambiar la fecha de devolución!!!!!!!
_o.STAFF. Colección General
994 _aC0
_bPEPRU
596 _a1
999 _aRC 918.5 E 3
_wDEWEY
_c53690
_i64991
_f2021-11-8
_g7
_lRCG
_mBUL
_p20.00
_r1
_sY
_tBOOK
_u2015-7-6
_xBIBLIOTECA
_PP24
_0COMPRA
_o.CIRCNOTE. No olvidar cambiar la fecha de devolución!!!!!!!
_o.STAFF. Colección General
_d53690
999 _aRC 918.5 E 3
_wDEWEY
_c2
_i67457
_f2021-11-8
_g7
_lRCG
_mBUL
_p58.00
_r1
_sY
_tBOOK
_u2015-7-6
_xBIBLIOTECA
_PP24
_0COMPRA
_o.CIRCNOTE. No olvidar cambiar la fecha de devolución!!!!!!!
_o.STAFF. Colección General
980 _81
_gALBERTO SANCHEZ Responsable de Automatización